Contemporary entrepreneurship
Αποθηκεύτηκε σε:
| Κύριος συγγραφέας: | |
|---|---|
| Άλλοι συγγραφείς: | |
| Μορφή: | Βιβλίο |
| Γλώσσα: | Undetermined |
| Έκδοση: |
Cincinnati, Ohio
South-Western Pub. Co
2003
|
| Θέματα: | |
| Διαθέσιμο Online: | http://lrc.tdmu.edu.vn/opac/search/detail.asp?aID=2&ID=7670 |
| Ετικέτες: |
Προσθήκη ετικέτας
Δεν υπάρχουν, Καταχωρήστε ετικέτα πρώτοι!
|
| Thư viện lưu trữ: | Trung tâm Học liệu Trường Đại học Thủ Dầu Một |
|---|
| LEADER | 00654nam a2200205Ia 4500 | ||
|---|---|---|---|
| 001 | TDMU_7670 | ||
| 008 | 210410s9999 xx 000 0 und d | ||
| 082 | |a 658.02 | ||
| 090 | |b M433 | ||
| 100 | |a Moorman, Jerry W | ||
| 245 | 0 | |a Contemporary entrepreneurship | |
| 245 | 0 | |c Jerry W. Moorman, James W. Halloran | |
| 260 | |a Cincinnati, Ohio | ||
| 260 | |b South-Western Pub. Co | ||
| 260 | |c 2003 | ||
| 300 | |a x, 497 | ||
| 650 | |a Small business |x Management; Entrepreneurship | ||
| 700 | |a Halloran, James W | ||
| 856 | |u http://lrc.tdmu.edu.vn/opac/search/detail.asp?aID=2&ID=7670 | ||
| 980 | |a Trung tâm Học liệu Trường Đại học Thủ Dầu Một | ||